| 000 | 00832nam a2200229Ia 4500 | ||
|---|---|---|---|
| 003 | GCL | ||
| 008 | 140319s9999 xx 000 0 ara d | ||
| 020 | _a1965208977 | ||
| 040 |
_aGCL / _cGCL |
||
| 082 | 0 | 4 |
_a791.092 _bم م |
| 100 | 1 | _aمحمود قاسم | |
| 245 | 1 | 0 |
_aموسوعة الممثل فى السينما العربية / _cمحمود قاسم |
| 250 | _aالاولى | ||
| 260 |
_aالقاهرة : _bمكتبة مدبولى ، _c2004 |
||
| 300 |
_a640 ص ؛ _c28سم |
||
| 650 | 0 | 4 | _aالفنانون - تراجم |
| 650 | 0 | 4 | _aالممثلون والممثلات المصريون |
| 650 | 0 | 4 | _aالممثلون والممثلات العرب |
| 650 | 0 | 4 | _aالممثلون والممثلات - دوائر معارف |
| 650 | 0 | 4 | _aالممثلون والممثلات العرب - تراجم |
| 942 |
_2ddc _cBK |
||
| 999 |
_c9491 _d9491 |
||